Normal view
MARC view
Entry Personal Name
001 - CONTROL NUMBER
- control field: 1178158
003 - CONTROL NUMBER IDENTIFIER
- control field: OSt
005 - DATE AND TIME OF LATEST TRANSACTION
- control field: 20260324125503.0
008 - FIXED-LENGTH DATA ELEMENTS
- fixed length control field: 260324|| aca||aabn | a|a d
040 ## - CATALOGING SOURCE
- Original cataloging agency: OSt
- Transcribing agency: OSt
100 ## - HEADING--PERSONAL NAME
- Personal name: Gabriel Moens; Roger Jones
670 ## - SOURCE DATA FOUND
- Source citation: Work cat.: (OSt)1773483: Gabriel Moens; Roger Jones, International Trade and Business Law Review: Volume XII
